00385nam a2200169Ia 4500008004100000020001800041245002300059245001600082260001500098260001600113260000900129300001500138300002500153300001000178500000800188999001900196170705s9999 xx 000 0 und d a9780545571838 aGrin and bear it / cLeo Landry. aNew York : bScholastic, c2011 a48 pages : bcolor illustration ; c21cm. a430 c335729d335729